Most Popular Songs in USA 1/3/2026 - Statistics

General Stats
  • This quiz has been taken 9 times
  • The average score is 6 of 15
Answer Stats
Rank Artist (Version) Answer Streams Radio Airplay Sales % Correct
1. Mariah Carey All I Want For Christmas Is You 75.9 Million 38.3 Million 5 Thousand
100%
4. Wham! Last Christmas 75.1 Million 22.8 Million 5 Thousand
78%
5. Ariana Grande Santa Tell Me 57.8 Million 13.9 Million 1 Thousand
67%
2. Brenda Lee Rockin' Around The Christmas Tree 75.9 Million 28.6 Million 3 Thousand
56%
11. Jose Feliciano Feliz Navidad 41.9 Million 29.7 Million 2 Thousand
44%
3. Bobby Helms Jingle Bell Rock 76.3 Million 25.1 Million 3 Thousand
44%
8. Kelly Clarkson Underneath The Tree 50 Million 14 Million 2 Thousand
33%
12. Burl Ives A Holly Jolly Christmas 43.4 Million 23.6 Million 1.5 Thousand
22%
14. Darlene Love Christmas (Baby Please Come Home) 41.7 Million 14.5 Million 1.5 Thousand
22%
13. Michael Buble It's Beginning To Look A Lot Like Christmas 43.7 Million 15.1 Million 0.9 Thousand
22%
7. Dean Martin Let It Snow! Let It Snow! Let It Snow! 50.2 Million 17.2 Million 1.5 Thousand
22%
15. Chuck Berry Run Rudolph Run 36.7 Million 11.7 Million 1.5 Thousand
22%
10. The Ronettes Sleigh Ride 46.3 Million 18.9 Million 2 Thousand
22%
6. Nat "King" Cole The Christmas Song (Merry Christmas To You) 53.4 Million 21.8 Million 1.5 Thousand
22%
9. Andy Williams It's The Most Wonderful Time Of The Year 46.7 Million 22.3 Million 1.5 Thousand
11%
No matching quizzes found
Score Distribution
Percent of People with Each Score
Percentile by Number Answered
Your Score History
You have not taken this quiz